00559cam a22001932 4500001001100000005001700011008004100028020002600069040001500095050002100110100003800131245006300169260003700232300002100269650004100290650002800331852000300359852000300362000000128320151021151051.0070228s xx 000 0 eng d a9966280170 :cKES 760 aKABUcKABU 0aHB135b.S25 19971 aSaleemi, Nisar Ahmad.@000015129910aQuantitative techniques simplified /cNisar Ahmad Saleemi. aNairobi :bN. A. Saleemi,c1997. a650 p. ;c21 cm. 0aEconomics, Mathematical.@0000149913 0aStatistics.@00001498711 1